000 00329nam a2200121Ia 4500
008 240731s9999 xx 000 0 und d
022 _a1925-7082
245 0 _aInternational Journal of Modelling and Simulation
260 _bTaylor & Francis
856 _uhttps://www.tandfonline.com/loi/tjms20
942 _2ddc
942 _cTFEJ
999 _c77167
_d77167
945 _a1
_bMadushi Gamage
_c1
_dMadushi Gamage